00806 2200205 4500001002100000005001500021035002000036008004100056245003700097100001300134250000600147260003800153300001200191084001400203082000800217650001000225520034100235990001200576990001200588INLIS00000000000087320240604094321 a0010-0524000108240604 1 ind 1 aStarlight Coffe Shop /cVeronika aVeronika a1 aYogyakarta :bSheila/ Andi,c2008 a164 hlm a813 VER s a813 4aFiksi aCantik, cerdas, punya segudang kelebihan, dan karir yang mapan. Itulah Violetta. Sayangnya, seperti masalah klasik perempuan: jodoh tak kunjung datang! Tetapi saat Violetta berhenti mencari, sepertinya keinginan itu mewujud tak terduga. Kini justru Violetta menghadapi dilema. Berada di tengah tiga pria yang menyimpan rasa mendalam a0741346 a0741347